000 00722nam a2200205Ii 4500
003 JO-AjNU
008 230605s9999||||xx |||||||||||||| ||und||
017 _a2006/8/2470
040 _aJO-AjNU
_bara
_erda
_cJO-AjNU
041 _aara
050 1 4 _aPJ7760.B38.Z87 2006
100 3 _aتأليف الصويركي،محمد علي ,
_eauthor
_911334
245 0 0 _aعائشة الباعونية "فاضلة الزمان" (865-922هـ - 1460-1516م)
264 3 1 _aإربد:المؤلف،2006
300 _a203ص
336 _atext
_btxt
_2rdacontent
337 _aunmediated
_bn
_2rdamedia
338 _avolume
_bnc
_2rdacarrier
650 4 _a شاعرات عربيات - سوريا - الأردن - نقد وتفسير
_911335
999 _aA2269
_c5837
_d5837